[Event "Open Internacional Sant Marti 2023"]
[Site "?"]
[Date "2023.07.18"]
[Round "6.9"]
[White "Alvarez Calzadilla, Jose Avelino"]
[Black "Gijsen, William"]
[Result "1/2-1/2"]
[BlackElo "2144"]
[WhiteElo "2364"]
[LiveChessVersion "1.4.8"]

1. e4 {[%clk 1:30:50]} c5 {[%clk 1:30:52]} 2. Nf3 {[%clk 1:31:13]} e6
{[%clk 1:31:18]} 3. d4 {[%clk 1:31:35]} cxd4 {[%clk 1:31:43]} 4. Nxd4
{[%clk 1:32:01]} Nf6 {[%clk 1:32:00]} 5. Nc3 {[%clk 1:32:23]} Nc6
{[%clk 1:32:24]} 6. Ndb5 {[%clk 1:32:28]} d6 7. Bf4 {[%clk 1:32:33]} e5
{[%clk 1:32:03]} 8. Bg5 {[%clk 1:32:58]} a6 {[%clk 1:31:17]} 9. Na3
{[%clk 1:32:50]} b5 {[%clk 1:28:01]} 10. Nab1 Be7 {[%clk 1:26:04]} 11. Bxf6
{[%clk 1:29:54]} Bxf6 {[%clk 1:25:35]} 12. a4 {[%clk 1:30:15]} b4
{[%clk 1:22:53]} 13. Nd5 {[%clk 1:30:30]} O-O {[%clk 1:21:45]} 14. Bc4
{[%clk 1:29:57]} Bg5 {[%clk 1:21:45]} 15. O-O {[%clk 1:27:48]} Kh8 16. c3
{[%clk 1:12:31]} f5 {[%clk 1:14:34]} 17. cxb4 {[%clk 1:01:48]} fxe4
{[%clk 1:14:35]} 18. Nbc3 Nd4 {[%clk 1:09:31]} 19. Nxe4 {[%clk 0:54:55]} Bf4
{[%clk 1:07:28]} 20. Nxf4 {[%clk 0:35:01]} Rxf4 {[%clk 1:07:30]} 21. Bd5
{[%clk 0:35:16]} Rb8 {[%clk 1:07:05]} 22. Rc1 Bb7 {[%clk 1:00:42]} 23. Bxb7
{[%clk 0:28:26]} Rxb7 {[%clk 0:57:29]} 24. Qd3 Rb8 {[%clk 0:49:42]} 25. a5
{[%clk 0:18:02]} Qd7 26. Ng3 Qb5 {[%clk 0:44:30]} 27. Qxb5 {[%clk 0:13:58]} Nxb5
{[%clk 0:44:52]} 28. Rc6 {[%clk 0:13:55]} Rxb4 {[%clk 0:43:55]} 29. Rxa6
{[%clk 0:11:17]} Rxb2 {[%clk 0:43:28]} 30. Nf5 d5 {[%clk 0:40:01]} 31. Ne7
{[%clk 0:05:40]} Nc3 {[%clk 0:39:49]} 32. g3 g6 {[%clk 0:32:21]} 33. Nc6
{[%clk 0:06:02]} Re8 34. Rb6 {[%clk 0:02:11]} Rxb6 {[%clk 0:20:55]} 35. axb6
{[%clk 0:02:37]} d4 {[%clk 0:21:14]} 36. b7 {[%clk 0:00:45]} d3 {[%clk 0:21:38]}
37. b8=Q {[%clk 0:00:43]} Rxb8 {[%clk 0:22:04]} 38. Nxb8 {[%clk 0:01:10]} d2
{[%clk 0:22:11]} 39. Nd7 d1=Q {[%clk 0:18:40]} 40. Rxd1 {[%clk 0:01:33]} Nxd1
{[%clk 0:19:03]} 41. Nxe5 {[%clk 0:02:00]} Kg7 {[%clk 0:19:08]} 42. Kg2
{[%clk 0:01:45]} Nc3 {[%clk 0:19:06]} 43. Kf3 Nd5 {[%clk 0:18:06]} 44. Nc4
{[%clk 0:02:22]} Nc3 45. Ke3 {[%clk 0:02:21]} Nd5+ {[%clk 0:17:57]} 46. Kd4
{[%clk 0:02:36]} Nb4 {[%clk 0:17:42]} 47. Ne3 {[%clk 0:02:47]} Nc6+
{[%clk 0:17:45]} 48. Ke4 {[%clk 0:03:13]} Nb4 {[%clk 0:17:41]} 49. f4 Na6
{[%clk 0:16:57]} 50. Nc4 {[%clk 0:03:06]} Nc5+ {[%clk 0:17:07]} 51. Kd4
{[%clk 0:03:04]} Nd7 52. Ne3 Nf8 {[%clk 0:17:17]} 53. Ng4 {[%clk 0:02:55]} Nd7
{[%clk 0:17:32]} 54. Kd5 {[%clk 0:03:04]} Nb6+ {[%clk 0:17:49]} 55. Ke6
{[%clk 0:02:47]} Na4 {[%clk 0:17:11]} 56. Ke7 {[%clk 0:01:58]} Nc5
{[%clk 0:15:32]} 57. Ne5 Nb3 {[%clk 0:13:34]} 58. Nf3 {[%clk 0:01:20]} Na5
{[%clk 0:13:43]} 59. Nd4 {[%clk 0:01:36]} Nc4 {[%clk 0:14:00]} 60. Ke6
{[%clk 0:01:24]} Ne3 {[%clk 0:13:01]} 61. Nf3 Ng4 {[%clk 0:12:44]} 62. Ke7
{[%clk 0:01:45]} Nf6 63. Ne5 {[%clk 0:01:27]} Nd5+ {[%clk 0:12:38]} 64. Ke6
{[%clk 0:01:46]} Nc7+ {[%clk 0:12:54]} 65. Kd6 {[%clk 0:01:33]} Nb5+
{[%clk 0:13:22]} 66. Ke7 {[%clk 0:01:53]} Nc7 {[%clk 0:13:11]} 67. Nd3
{[%clk 0:01:56]} Nd5+ {[%clk 0:13:31]} 68. Ke6 {[%clk 0:02:11]} Ne3
{[%clk 0:13:48]} 69. Ne5 {[%clk 0:02:33]} Nf1 70. Nf3 {[%clk 0:02:49]} Ne3
{[%clk 0:14:02]} 71. h3 {[%clk 0:02:46]} h5 {[%clk 0:14:12]} 72. Ng5 Nf5 73. Ne4
{[%clk 0:02:44]} Nd4+ {[%clk 0:12:16]} 74. Ke5 {[%clk 0:02:50]} Nf3+
{[%clk 0:12:06]} 75. Kd5 {[%clk 0:03:09]} Ng1 {[%clk 0:12:13]} 76. Ng5
{[%clk 0:03:03]} Ne2 {[%clk 0:12:30]} 77. Ne4 {[%clk 0:03:03]} Ng1
{[%clk 0:12:58]} 78. h4 Ne2 {[%clk 0:12:31]} 79. Ke5 {[%clk 0:03:42]} Nc1
{[%clk 0:12:37]} 80. f5 {[%clk 0:04:05]} Nd3+ {[%clk 0:11:39]} 81. Kd4 Ne1
{[%clk 0:10:06]} 82. f6+ {[%clk 0:04:16]} Kf7 83. Ke5 {[%clk 0:02:55]} Nd3+
{[%clk 0:10:27]} 84. Kd4 {[%clk 0:02:58]} Nb4 {[%clk 0:10:34]} 85. Kc4 Nc6
{[%clk 0:10:20]} 86. Kd5 {[%clk 0:03:12]} Nb4+ 87. Kc5 {[%clk 0:03:25]} Nd3+
{[%clk 0:10:48]} 88. Kd4 {[%clk 0:03:54]} Nb4 {[%clk 0:11:07]} 89. Kc5
{[%clk 0:03:24]} Nd3+ {[%clk 0:11:22]} 90. Kd6 Nb4 {[%clk 0:11:01]} 91. Ke5
{[%clk 0:03:26]} Nd3+ {[%clk 0:11:28]} 92. Kd4 {[%clk 0:03:51]} Nb4 1/2-1/2

[Event "Open Internacional Sant Marti 2023"]
[Site "?"]
[Date "2023.07.18"]
[Round "6.10"]
[White "Glimbrant, Torbjorn"]
[Black "Subhayan, Kundu"]
[Result "0-1"]
[BlackElo "2326"]
[WhiteElo "2144"]
[LiveChessVersion "1.4.8"]

1. d4 {[%clk 1:30:11]} f5 {[%clk 1:30:46]} 2. g3 {[%clk 1:30:33]} Nf6
{[%clk 1:31:01]} 3. Bg2 {[%clk 1:30:55]} g6 {[%clk 1:28:21]} 4. Nh3
{[%clk 1:31:05]} d6 {[%clk 1:28:06]} 5. d5 {[%clk 1:31:02]} c6 6. c4 e5
{[%clk 1:26:43]} 7. dxe6 {[%clk 1:31:12]} Bxe6 {[%clk 1:24:15]} 8. b3 Bg7
{[%clk 1:24:40]} 9. Bb2 {[%clk 1:30:55]} Qe7 {[%clk 1:24:58]} 10. O-O
{[%clk 1:27:24]} Na6 {[%clk 1:23:17]} 11. Nc3 {[%clk 1:26:52]} O-O-O
{[%clk 1:23:15]} 12. Rc1 {[%clk 1:07:47]} Kb8 {[%clk 1:24:06]} 13. Qc2
{[%clk 1:02:35]} h6 {[%clk 1:10:23]} 14. Nf4 {[%clk 1:02:53]} Bf7
{[%clk 1:07:29]} 15. a3 {[%clk 1:02:22]} g5 {[%clk 0:49:30]} 16. Nd3
{[%clk 0:57:06]} Rhe8 {[%clk 0:48:59]} 17. Nb4 {[%clk 0:57:26]} Nxb4
{[%clk 0:48:46]} 18. axb4 {[%clk 0:56:28]} d5 {[%clk 0:47:37]} 19. cxd5
{[%clk 0:53:32]} Nxd5 {[%clk 0:47:53]} 20. Nxd5 {[%clk 0:49:40]} Bxd5
{[%clk 0:46:44]} 21. Bxg7 {[%clk 0:40:11]} Qxg7 {[%clk 0:43:40]} 22. Rfd1
{[%clk 0:36:16]} Bxg2 {[%clk 0:42:51]} 23. Kxg2 {[%clk 0:24:58]} Qe5 24. Rxd8+
{[%clk 0:25:09]} Rxd8 {[%clk 0:43:20]} 25. Rd1 {[%clk 0:22:37]} Re8
{[%clk 0:34:58]} 26. Qd2 {[%clk 0:22:52]} Qe4+ {[%clk 0:35:24]} 27. Kg1
{[%clk 0:22:41]} a6 {[%clk 0:34:50]} 28. e3 {[%clk 0:14:48]} h5 {[%clk 0:19:53]}
29. Qd7 {[%clk 0:11:41]} Ka7 {[%clk 0:18:10]} 30. h3 {[%clk 0:10:22]} g4
{[%clk 0:18:26]} 31. hxg4 {[%clk 0:08:40]} hxg4 {[%clk 0:18:17]} 32. Rd4
{[%clk 0:08:00]} Qb1+ {[%clk 0:18:38]} 33. Rd1 {[%clk 0:06:56]} Qxb3
{[%clk 0:17:13]} 34. Kg2 Qe6 {[%clk 0:17:41]} 35. Qxe6 {[%clk 0:06:23]} Rxe6 36.
f3 {[%clk 0:07:07]} Rxe3 {[%clk 0:16:09]} 37. fxg4 {[%clk 0:07:30]} fxg4
{[%clk 0:16:30]} 38. Rd4 {[%clk 0:07:20]} Re2+ 39. Kf1 Re5 {[%clk 0:16:10]} 40.
Rxg4 c5 {[%clk 0:17:07]} 41. bxc5 {[%clk 0:06:56]} Rxc5 {[%clk 0:17:24]} 42. Ke2
{[%clk 0:07:01]} a5 {[%clk 0:17:29]} 43. Kd3 {[%clk 0:03:47]} b5 {[%clk 0:17:43]}
44. Rg7+ {[%clk 0:03:44]} Kb6 {[%clk 0:18:01]} 45. g4 {[%clk 0:02:32]} a4
{[%clk 0:17:07]} 46. Rg8 {[%clk 0:02:41]} Ka5 {[%clk 0:15:32]} 47. g5
{[%clk 0:02:43]} Kb4 {[%clk 0:15:04]} 48. g6 a3 0-1